MARC

LEADER 00000nam0a2200000 4500
001 28941
005 20231030203041.0
010 |a 5283011534 
035 |a (RuTPU)RU\TPU\book\29199 
035 |a BOOK00029274 
090 |a 28941 
100 |a 20011209d1992 k y0rusy50 ca 
101 0 |a rus 
102 |a RU 
105 |a a 001|y 
200 1 |a Тиристорные пусковые устройства в электроэнергетике  |f Ю. Д. Виницкий, Я. С. Гельфанд, А. П. Сытин 
210 |a Москва  |c Энергоатомиздат  |d 1992 
215 |a 253 с.  |c ил. 
320 |a Библиогр.: с. 246-252. 
610 1 |a электрические станции 
610 1 |a электроэнергетика 
610 1 |a тиристорные пусковые устройства 
610 1 |a тиристоры 
610 1 |a турбинные установки 
610 1 |a пуск 
610 1 |a генераторы синхронные 
610 1 |a возбуждение 
675 |a 621.311.2.002.5  |v 3 
700 1 |a Виницкий  |g Юрий Данилович 
701 1 |a Гельфанд  |g Яков Соломонович 
701 1 |a Сытин  |g Андрей Павлович 
801 0 |a RU  |b 63413507  |c 20011209  |g PSBO 
801 2 |a RU  |b 63413507  |c 20071029  |g PSBO 
942 |c BK